000 00537nam a2200193 a 4500
005 20210219153152.0
008 991125n 000 0 spa u
035 _aUPN01000081607
100 _aCASTILLO CANO, Jorge Manuel
222 _aHUEYAMATL (MEXICO)
245 _aEl ideario pedagógico de José Martí
300 _a17-19
362 _a1991 No. 1, (nov.)
653 0 _aENSEÑANZA LATINOAMERICANA
653 0 _aMARTI, JOSE, 1853-1895
653 0 _aPENSAMIENTO LATINOAMERICANO
904 _aAC
_b019418
905 _aArticulo
999 _c70036
_d70036